000
00291nam a22001337a 4500
008
171030b xxu||||| |||| 00| 0 eng d
020
_a
9781256071235
041
_a
eng
080
_a
33
100
_a
58
101
_a
BUS
245
_a
CUSTOM BUSINESS RESOURCES
_c
MENDE,M
942
_2
udc
_c
BK
999
_c
36600
_d
36600